| 000 | 00997nam a22002537a 4500 | ||
|---|---|---|---|
| 008 | 130821s2011 xxua gr eng | ||
| 020 | _a0814415563 | ||
| 020 | _a9780814415566 | ||
| 040 |
_aCO-BoUCM _cAngélica Rojas _dDiana Londoño _bspa |
||
| 041 | 0 | 0 | _aeng |
| 100 | 1 |
_aSherman, Andrew J. _934158 |
|
| 245 | 1 | 0 |
_aFranchising& licensing two powerful ways to grow your business in any economy _cAndrew J. Sherman |
| 246 | 3 | _aFranchising and licensing | |
| 250 | _a4th ed | ||
| 260 |
_aNueva York (Estados Unidos) _bAmerican Management Association _c2011 |
||
| 300 |
_axi, 451 páginas _bgráficas |
||
| 500 | _aIncluye índice | ||
| 650 | 0 |
_aAlianzas estratégicas (Negocios) _xEstados Unidos _936237 |
|
| 650 | 0 |
_aFranquicias (Comercio minorista) _zEstados Unidos _9124755 |
|
| 650 | 0 |
_aMecanismos de las franquicias _zEstados Unidos _919107 |
|
| 690 |
_aAdministración de Empresas _9435 |
||
| 942 |
_cLIBRO _a16 _e4 _mS553f _2DEWEY _h658.8708 |
||
| 999 |
_c165253 _d165253 |
||